MDQL
is popping MORE tags! Check the
thread
!
Quizzes
Events
Quiz Creation
Community
Videos
Private Events
Remove Ads
Sign In
Join for FREE
Feedback
Dark Mode
Quiz Categories
Sports
Geography
Music
Movies
Television
Just For Fun
Miscellaneous
History
Literature
Language
Science
Gaming
Entertainment
Religion
Holiday
For Kids
Quiz Lab
Recent
Popular Today
Quiz Kudos Today
Editor Picks
Curator Picks
Quizzes by...
Day
Popularity
Type
Ratings
Length
Year
Community
Subscriptions
Recent Discussions
Orange Saloon
Badges
Playlists
Quests
Create
Leaderboards
Showdown
Live 5
Trivia Bingo
Activity
Puzzle Library
Sporcle Events
Private Events
Virtual Trivia
Globe League
Become a Host
Pub Owners
SporcleCon
Opinionation
Our Games
Videos
Blog
Mobile Apps
Partnerships
Remove Ads and Go Orange
Feedback
Television
TV Characters
TV Show
Sitcom
Network
Friends
Reality Shows
Cast
South Park
Star Trek
The Simpsons
Doctor Who
Television
TV Characters
TV Show
Sitcom
Network
Friends
Reality Shows
Cast
South Park
Star Trek
The Simpsons
Doctor Who
Random Quiz
Search Sporcle
×
Quiz Lab
Quiz Lab
Television
challenge
Type in answers that appear in a list
Type in answers that appear in a list
Classic
Best Score? Go Orange.
Fresh Meat Challenges (MTV) Stats
Can you name the people premiered on the Fresh Meat Challenges?
By
walpoler61893
4m
25 Questions
858 Plays
858 Plays
858 Plays
Comments
Comments
Give Quiz Kudos
Give Quiz Kudos
-
- Ratings
hide this ad
Replay
Link that replays current quiz
Next Quiz
Link to next quiz in quiz playlist
You Got
0%
They Got
Avg Score
75%
Avg Friend Score
Upgrade to see
Score Distribution
Jump to the score distribution portion of the page
Score
0/25
Timer
04:00
0
Plays Today
Fresh Meat Season
Contestant
% Correct
2
Laurel Stucky
93.5%
1
Kenny Santucci
92.3%
1
Evelyn Smith
92%
1
Evan Starkman
91.5%
2
Cara Maria Sorbello
91.3%
1
Casey Cooper
87.2%
2
Mandi Moyer
86.1%
1
Eric Banks
86%
1
Diem Brown
85.2%
2
Vinny Foti
84.5%
2
Carley Johnson
84%
1
Aviv Melmed
83.6%
2
Brandon Nelson
79.8%
Fresh Meat Season
Contestant
% Correct
2
Luke Wolfe
77.5%
2
Pete Connolly
75.8%
2
Noor Jehangir
75.8%
2
Theresa Gonzalez
71.7%
1
Ryan Kehoe
68.3%
2
Sandy Kang
58.9%
1
Linette Gallo
57%
2
Jeff Barr
56.2%
1
Chanda Tomlinson
55.9%
2
Sydney Walker
53.7%
1
Johnnie McBride
50.1%
1
Jesse Stark
47.8%
Quiz Playlist
Details
Report
Send in Message
Add To Playlist
Classic:
Type in answers that appear in a list
Last Updated: Feb 21, 2019
Quiz Scoreboard
CHALLENGE
Sign Up to Join the Scoreboard
Show All
Scores
Hide
Comments
May contain spoilers
Recently Published
Colored Red Africa Blitz
by spor1
Geography
30s
Find the 'City' Movie
by crazypaving
Movies
60s
5x2 Blitz: Bands
by SL_Kpop136
Music
30s
More to Explore
Quiz From the Vault
Featured Blog Post
14 Easter Pick-up Lines to Find Eggs With
hide this ad
You Might Also Like...
Tags
alumni
challenge
Contestants
fresh
meat
MTV
Partner
Premiered
season
Today's Top Quizzes in Television
Browse Television
hide this ad
Today's Top Quizzes in challenge
Browse challenge
Top Contributed Quizzes in Television
1
Survivor Journey Challenge
2
Brooklyn Nine Nine Logic Puzzle (How-To-Play)
3
Total Drama Characters
4
Phoebe Buffay Quotes
5
Survivor Trivia
6
Survivor Logic Puzzle: Heroes vs. Villains
7
Emmerdale Characters (from August 2012)
8
One Tree Hill Logic Puzzle
9
Adjectives in 00s TV Shows
10
All US Survivor Seasons in Order
Explore More
Trending Topics
Disney
Kpop
Marvel
Crossword
NBA
Anime
Harry Potter
Puzzle
Soccer
NFL
The Office
Country
Song
Pokémon
WWE
hide this ad
More By:
walpoler61893
Quiz
Plays
Rating
Category
Featured
Created
All Survivors Who Made it to the Jury Phase
6,117
4.69
Television
Nov 18, 2011
Real World/Road Rules Challenge
2,566
4.25
Television
Dec 5, 2009
Fresh Meat Challenges (MTV)
858
5.00
Television
Mar 30, 2011
Survivor Juror's Votes
569
4.75
Television
Dec 14, 2011
Dancing With The Stars Professional Season Totals
279
1.00
Television
Mar 10, 2014
Go to Creator's Profile
Score Distribution
Quiz Creator Spotlight
walpoler61893
Follow
Send a Message
Quizzes Created
-
Created Quiz Play Count
-
More By This Creator
Popular Quizzes Today
1
Colored Red Africa Blitz
2
Find the US States - No Outlines Minefield
3
Find the 'City' Movie
4
5x2 Blitz: Bands
5
The Countries of the World
6
Find the US States
7
Find the Countries of Europe - No Outlines Minefield
8
US States
More Television Quizzes
TV's Most Dramatic Women
Published
Trending Quizzes
Colored Red Europe Blitz I
Colored Red Europe Blitz II
Colored Red Africa Blitz II
Colored Red Europe Blitz III
Colored Red Africa Blitz III
Recently Updated
How Do You Spell That?
pecheneg
Godzilla Movies
pecheneg
Grab Bag: 4-10 Letters
pecheneg
2024 March Madness Bracket
pecheneg
Famous TV Couples
Peacemaker
Champions League XIs: Real Madrid
pecheneg
Largest US Cities 1790-2010
pecheneg
Rides in Walt Disney World
pecheneg
Most Oscar Losses (Acting)
pecheneg
Beyoncé Albums
pecheneg
Trending Topics
Disney
Marvel
Anime
NBA
Kpop
Harry Potter
Crossword
Country
Soccer
Song
The Office
Pokémon
Puzzle
WWE
NFL
Your Account Isn't Verified!
In order to create a playlist on Sporcle, you need to verify the email address you used during registration. Go to your
Sporcle Settings
to finish the process.
Report this User
Report this user for behavior that violates our
Community Guidelines
.
Details:
Send Report
Go to the Sporcle.com Mobile Site →
Comments